[Event "Komercni Banka op"]
[Site "Pardubice"]
[Date "1996.??.??"]
[Round "4"]
[White "Furman, Boris"]
[Black "Evseev, Denis"]
[Result "1/2-1/2"]
[WhiteElo "2220"]
[BlackElo "2395"]

1.d4 Nf6 2.c4 e6 3.Nc3 Bb4 4.Nf3 O-O 5.Bg5 h6 6.Bh4 c5 7.e3 Bxc3+ 8.bxc3 d6
9.Bd3 Qe7 10.O-O Nbd7 11.Nd2 Qe8 12.f4 b6 13.g4 Bb7 14.g5 Nh7 15.gxh6 f5
16.hxg7 Rf7 17.Kf2 Ndf6 18.h3 Rc8 19.Rg1 Rcc7 20.Rg6 Rxg7 21.Rxf6 Rg2+ 22.Ke1 Nxf6
23.Bxf6 Qg6 24.Bg5 Qh7 25.Bf1 Qxh3 26.Bxg2 Qg3+ 27.Ke2 Qxg2+ 28.Ke1 Qg3+  1/2-1/2

[Event "ARG-ch"]
[Site "Pena City"]
[Date "1996.??.??"]
[Round "5"]
[White "Ricardi, Pablo"]
[Black "Dorin, Mauricio"]
[Result "1-0"]
[WhiteElo "2535"]
[BlackElo "2290"]

1.d4 Nf6 2.c4 e6 3.Nc3 Bb4 4.Nf3 c5 5.e3 O-O 6.Bd3 d5 7.O-O dxc4 8.Bxc4 cxd4
9.exd4 Nc6 10.Bg5 Be7 11.Qd2 b6 12.Rfd1 Na5 13.Bd3 Bb7 14.Qf4 Bxf3 15.Qxf3 Nd5
16.Qe4 g6 17.Bh6 Re8 18.Bb5 Nf6 19.Qf3 Nd7 20.d5 e5 21.d6 Bf8 22.Bxf8 e4
23.Nxe4 Kxf8 24.Bxd7 Qxd7 25.Qc3  1-0

[Event "Reggio Emilia9697"]
[Site "Reggio Emilia"]
[Date "1996.??.??"]
[Round "2"]
[White "Komarov, Dimitri"]
[Black "Mantovani, Renzo"]
[Result "1-0"]
[WhiteElo "2595"]
[BlackElo "2360"]

1.d4 Nf6 2.c4 e6 3.Nc3 Bb4 4.Nf3 b6 5.Bg5 Bb7 6.e3 h6 7.Bh4 g5 8.Bg3 Ne4
9.Qc2 d6 10.Bd3 Bxc3+ 11.bxc3 f5 12.d5 Nd7 13.Nd4 Ndc5 14.dxe6 Qf6 15.f3 f4
16.exf4 Nxd3+ 17.Qxd3 Nc5 18.Qe2 gxf4 19.Bf2 Rg8 20.g4 fxg3 21.hxg3 O-O-O
22.O-O-O Rde8 23.Rhe1 h5 24.Qe3 Ba6 25.f4 Bxc4 26.Qf3 d5 27.Qxh5 Ne4 28.Qf7 Qe7
29.Qxe7 Rxe7 30.Rxe4 dxe4 31.f5 c5 32.Nc6 Rc7 33.Ne5 Bxa2 34.c4 b5 35.f6 Bxc4
36.Nxc4 bxc4 37.f7 Rf8 38.Bxc5 Rfxf7 39.exf7 Rxf7 40.Re1 Rf3 41.Re3 a5 42.Kb2 Kd7
43.Kc3 Rxe3+ 44.Bxe3 Ke6 45.g4 Kd5 46.g5 a4 47.Kb4  1-0

[Event "Salongernas IM"]
[Site "Salongernas"]
[Date "1996.??.??"]
[Round "?"]
[White "Hedman, Erik"]
[Black "Ornstein, Axel"]
[Result "1/2-1/2"]
[WhiteElo "2355"]
[BlackElo "2440"]

1.d4 Nf6 2.c4 e6 3.Nc3 Bb4 4.Nf3 c5 5.g3 b6 6.Bg2 Bb7 7.d5 exd5 8.Nh4 Ne4
9.Bxe4 dxe4 10.Qd6 Qf6 11.Qxf6 gxf6 12.Nf5 d5 13.cxd5 Bxc3+ 14.bxc3 Bxd5
15.Bh6 Be6 16.Nd6+ Ke7 17.Nxe4 Bd5 18.f3 Bxe4 19.fxe4 Nc6 20.O-O-O Ne5 21.h3 Rad8
22.Rhf1 Rxd1+ 23.Kxd1 Rg8 24.g4 Nc4 25.Bf4 Ke6 26.Kc1 Rd8 27.Bg3 Rg8 28.Bf4 Rh8
29.Bh6 Nd6 30.Bg7 Rg8 31.Bxf6 Nxe4 32.Bh4 Rg6 33.Rf3 h5 34.gxh5 Rh6 35.Be1 Rxh5
36.Kc2 Rg5 37.Kd3 Rg1 38.Bf2 Nxf2+ 39.Rxf2 Rh1 40.Rf3 f5 41.a4 Ra1 42.Rf4 Ke5
43.e3 a6 44.Rc4 Rd1+ 45.Ke2 Rh1 46.h4 Kd5 47.Rf4 Ke6 48.Rc4 Kd5  1/2-1/2

[Event "Salongernas IM"]
[Site "Salongernas"]
[Date "1996.??.??"]
[Round "?"]
[White "Hedman, Erik"]
[Black "Vanderwaeren, Serge"]
[Result "1/2-1/2"]
[WhiteElo "2355"]
[BlackElo "2285"]

1.d4 Nf6 2.c4 e6 3.Nc3 Bb4 4.Nf3 c5 5.g3 O-O 6.Bg2 cxd4 7.Nxd4 d5 8.Qb3 Bc5
9.Be3 Na6 10.cxd5 Ng4 11.Nc2 Nxe3 12.Nxe3 Bxe3 13.fxe3 exd5 14.Bxd5 Qe7 15.e4 Nc5
16.Qc4 Bh3 17.Rg1 Rac8 18.Qd4 Bd7 19.Rf1 b5 20.Rf3 b4 21.Nd1 Bg4 22.Re3 Ne6
23.Qd2 Rc7 24.a3 bxa3 25.Rexa3 Bh5 26.Nc3 Bg6 27.Qe3 Qb4 28.Rb3 Qd4 29.Nb5 Qxe3
30.Rxe3 Rc5 31.Rb3 Rb8 32.Nd4 Rxb3 33.Nxb3 Rc7 34.Kd2 Kf8 35.e3 Ng5 36.Ra4 Nf3+
37.Ke2 Bh5 38.Kd3 Ne5+ 39.Kd4 Nf3+ 40.Kd3 Ne5+ 41.Kd4 Nf3+  1/2-1/2

[Event "Seefeld op"]
[Site "Seefeld"]
[Date "1996.??.??"]
[Round "?"]
[White "Treiber, Burkhard"]
[Black "Loginov, Valery A"]
[Result "0-1"]
[WhiteElo "2090"]
[BlackElo "2525"]

1.d4 Nf6 2.Nf3 e6 3.c4 Bb4+ 4.Nc3 c5 5.g3 O-O 6.Bg2 cxd4 7.Nxd4 d5 8.cxd5 Nxd5
9.Qb3 Na6 10.O-O Nxc3 11.bxc3 Be7 12.Rd1 Nc5 13.Qc2 Bd7 14.Nb3 Rc8 15.Be3 b6
16.Rd2 Qe8 17.Rad1 Bb5 18.Bd4 Na4 19.Be4 h6 20.Bh7+ Kh8 21.Bd3 Bb4 22.Bxb5 Qxb5
23.Qe4 Bxc3 24.Qg4 Qg5 25.Qxg5 hxg5 26.Bxc3 Nxc3 27.Rc1 Rc7 28.Rdc2 Rfc8
29.Kf1 Kh7 30.Nd2 Kg6 31.Ne4 Nd5 32.Rxc7 Rxc7 33.Rxc7 Nxc7 34.Nd6 Nd5 35.Ke1 Nc3
36.Kd2 Nxa2 37.Nc8 a6 38.Nxb6 Kf5 39.Na4 Kg4 40.Nc5 Nb4 41.Ne4 f6 42.Nc5 e5
43.Ne6 g6 44.Nf8 Nd5 45.Nxg6 Kh3 46.Nf8 e4 47.Nd7 Kxh2 48.Nc5 e3+ 49.fxe3 Kxg3
50.Nxa6 g4 51.Nc5 Kh2 52.Ne6 g3 53.Nd4 g2 54.Nf3+ Kg3 55.e4 Nb6 56.Ke3 Nc4+
57.Kd4 Ne5 58.Ng1 Kh2  0-1

[Event "EU-ch U20"]
[Site "Siofok"]
[Date "1996.??.??"]
[Round "1"]
[White "Parker, Jonathan"]
[Black "Macionis, Andrius"]
[Result "1-0"]
[WhiteElo "2470"]
[BlackElo "2295"]

1.d4 Nf6 2.c4 e6 3.Nc3 Bb4 4.Nf3 c5 5.g3 cxd4 6.Nxd4 O-O 7.Bg2 d5 8.Qb3 Bxc3+
9.Qxc3 e5 10.Nb3 d4 11.Qa5 Nc6 12.Qxd8 Rxd8 13.Bg5 h6 14.Bxf6 gxf6 15.Nc5 a5
16.b3 Rb8 17.Bxc6 bxc6 18.O-O-O Bg4 19.f3 Bf5 20.Rhe1 Kf8 21.e3 dxe3 22.Rxd8+ Rxd8
23.Rxe3 Rd4 24.a4 Bc8 25.Rd3 Rxd3 26.Nxd3 Ke7 27.Kd2 Kd6 28.b4 axb4 29.Nxb4 c5
30.Nc2 Kc6 31.Ne3 Kb6 32.Kc3 Ka5 33.Nd5 f5 34.Ne7 Bd7 35.Ng8 h5 36.Nf6 Bc6
37.Nxh5 Bxf3 38.Nf6 f4 39.gxf4 exf4 40.Nd7 Bg2 41.Nxc5 f3 42.Nd3 Bh3 43.Kd4 Kxa4
44.Nf2 Be6 45.h4 Kb4 46.h5 f6 47.h6 Bf5 48.c5 Kb5 49.Kd5 Bh7 50.Kd6 Bf5 51.Nd1 Bc2
52.Ne3 f2 53.c6 Kb6 54.c7 Kb7 55.Kd7  1-0

[Event "St Petersburg-ch"]
[Site "St Petersburg"]
[Date "1996.??.??"]
[Round "3"]
[White "Lugovoi, Aleksei"]
[Black "Ionov, Sergey"]
[Result "1/2-1/2"]
[WhiteElo "2500"]
[BlackElo "2490"]

1.d4 Nf6 2.c4 e6 3.Nc3 Bb4 4.Nf3 c5 5.e3 Nc6 6.Bd3 Bxc3+ 7.bxc3 d6 8.e4 e5
9.d5 Ne7 10.Nh4 h6 11.f4 Ng6 12.Nxg6 fxg6 13.O-O O-O 14.f5 gxf5 15.exf5 Qa5
16.Bd2 Bd7 17.a4 Rae8 18.Qc2 e4 19.Be2 e3 20.Be1 Qd8 21.Bh4 Qc7 22.Bd3 Ng4
23.Be2 Nf6 24.Rf4 Re5 25.g4  1/2-1/2

[Event "Petrov mem"]
[Site "St Petersburg"]
[Date "1996.??.??"]
[Round "6"]
[White "Andreev, Konstantin"]
[Black "Tunik, Gennady"]
[Result "0-1"]
[WhiteElo "2310"]
[BlackElo "2475"]

1.d4 Nf6 2.c4 e6 3.Nc3 Bb4 4.Nf3 b6 5.Bg5 Bb7 6.e3 h6 7.Bh4 g5 8.Bg3 Ne4
9.Qc2 Bxc3+ 10.bxc3 Nxg3 11.fxg3 g4 12.Nh4 Qg5 13.Qf2 Nc6 14.Bd3 f5 15.O-O O-O
16.Qe2 Ne7 17.e4 fxe4 18.Bxe4 Bxe4 19.Qxe4 Rxf1+ 20.Rxf1 Rf8 21.Re1 Rf6 22.d5 Nc8
23.Qd3 Nd6 24.h3 gxh3 25.gxh3 e5 26.Ng2 e4 27.Qe3 Nxc4 28.Qxg5+ hxg5 29.Rxe4 Nd2  0-1

[Event "St Petersburg-ch"]
[Site "St Petersburg"]
[Date "1996.??.??"]
[Round "8"]
[White "Lugovoi, Aleksei"]
[Black "Orlov, Vassily"]
[Result "1-0"]
[WhiteElo "2500"]
[BlackElo "2430"]

1.d4 Nf6 2.c4 e6 3.Nc3 Bb4 4.Nf3 c5 5.g3 Ne4 6.Qd3 Qa5 7.Qxe4 Bxc3+ 8.Bd2 Bxd2+
9.Nxd2 d6 10.Bg2 O-O 11.Qe3 Qc7 12.O-O Bd7 13.Ne4 Na6 14.Rad1 Rad8 15.Rd2 b6
16.Rfd1 Bc6 17.dxc5 dxc5 18.Nd6 Bxg2 19.Kxg2 Nb4 20.Nb5 Qb7+ 21.f3 Rxd2 22.Qxd2 a6
23.Nc3 Nc6 24.Qd7 Qxd7 25.Rxd7 Rb8 26.Rd6 Nb4 27.a3 Nc2 28.Kf2 Kf8 29.Na4 b5
30.cxb5 axb5 31.Nxc5 Rc8 32.Nd3 Rb8 33.Rc6 Nd4 34.Rc7 Rd8 35.Ne5 f6 36.Nd3 e5
37.Nc5 Rd6 38.e3 Nf5 39.Ke2 Ne7 40.Rb7 f5 41.Nd7+  1-0

[Event "SWE-chT 9596"]
[Site "?"]
[Date "1996.??.??"]
[Round "?"]
[White "Ingbrandt, Johan"]
[Black "Brynell, Stellan"]
[Result "0-1"]
[WhiteElo "2345"]
[BlackElo "2445"]

1.d4 Nf6 2.c4 e6 3.Nc3 Bb4 4.Nf3 b6 5.Bg5 h6 6.Bh4 g5 7.Bg3 Ne4 8.Qc2 Bb7
9.e3 Bxc3+ 10.bxc3 d6 11.Bd3 f5 12.d5 Nd7 13.Nd4 Ndc5 14.dxe6 Rf8 15.Be2 g4
16.Bf4 Qh4 17.Rf1 Qf6 18.f3 gxf3 19.gxf3 Ng5 20.e7 Kxe7 21.O-O-O Nge6 22.Bg3 Rae8
23.Rfe1 Kd8 24.Bf1 Ng7 25.Nb5 Kc8 26.e4 fxe4 27.Bh3+ Kb8 28.Rxd6 cxd6 29.Bxd6+ Qxd6
30.Nxd6 Nd3+ 31.Kb1 Nxe1 32.Qf2 Rd8 33.Qg3 Nh5 34.Qe5 Nxf3 35.Qe7 Bc6 36.Be6 Nf4
37.Bd5 Nxd5 38.cxd5 Bxd5 39.Nb5 Bb7 40.Qc7+ Ka8 41.Nd6 Rxd6 42.Qxd6 Rc8 43.Qxh6 Rxc3
44.Kb2 Rc8 45.h4 Ne5 46.Qg5 Nd3+ 47.Kb3 a5 48.h5 Rc5 49.Qf6 Ka7 50.h6 e3
51.h7 e2 52.Qe7 Re5 53.Qh4 Re8  0-1

[Event "SWE-chT 9596"]
[Site "?"]
[Date "1996.??.??"]
[Round "?"]
[White "Ingbrandt, Johan"]
[Black "Schussler, Harry"]
[Result "0-1"]
[WhiteElo "2345"]
[BlackElo "2465"]

1.d4 Nf6 2.c4 e6 3.Nc3 Bb4 4.Nf3 b6 5.Bg5 Bb7 6.e3 h6 7.Bh4 g5 8.Bg3 Ne4
9.Nd2 Nxg3 10.hxg3 Nc6 11.Be2 Bxc3 12.bxc3 Qe7 13.Qa4 f5 14.Rh5 Qg7 15.O-O-O O-O-O
16.c5 Kb8 17.Ba6 Ba8 18.Nc4 d6 19.Bb5 Ne7 20.c6 a6 21.Qxa6 Nxc6 22.Kd2 Na7
23.Rb1 e5 24.Na5 Nxb5 25.Qxb5 Qf7 26.Rhh1 Qxa2+ 27.Rb2 Qd5 28.Qxd5 Bxd5 29.f3 Kc8
30.c4 Ba8 31.Nb3 Kd7 32.Ra2 Bb7 33.Ra7 Rb8 34.d5 h5 35.g4 hxg4 36.Rxh8 Rxh8
37.fxg4 fxg4  0-1

[Event "SWE-chT 9596"]
[Site "?"]
[Date "1996.??.??"]
[Round "?"]
[White "Ingbrandt, Johan"]
[Black "Astrom, Goran"]
[Result "1-0"]
[WhiteElo "2345"]
[BlackElo "2300"]

1.d4 Nf6 2.c4 e6 3.Nc3 Bb4 4.Nf3 c5 5.g3 Ne4 6.Bd2 Bxc3 7.bxc3 Nc6 8.Bg2 d6
9.O-O Na5 10.Bf4 O-O 11.Qc2 d5 12.cxd5 exd5 13.dxc5 Qe7 14.Bd6 Nxd6 15.cxd6 Qxd6
16.Rfd1 h6 17.e4 Qc7 18.exd5 Nc4 19.Nd2 Nd6 20.c4 Bf5 21.Qa4 Rfc8 22.Bf1 b5
23.Qb4 bxc4 24.Nxc4 Nxc4 25.Rac1 Qa5 26.Rxc4 Qxa2 27.d6 Rxc4 28.Bxc4 Qc2
29.Bb3 Qc8 30.Qf4 Qd7 31.Ba4 Qe6 32.d7 Rd8 33.Qc7 Qb6 34.Qe5 Be6 35.h4 Qb4
36.Bc6 Qb3 37.Qd6 Bg4 38.Re1 Be6 39.Qe7 Qb6 40.Qe8+ Kh7 41.Rxe6  1-0

[Event "Tampere Elo Taraus op"]
[Site "Tampere"]
[Date "1996.??.??"]
[Round "5"]
[White "Tella, Jussi"]
[Black "Hokkanen, Petri"]
[Result "1/2-1/2"]
[WhiteElo "2310"]
[BlackElo "2260"]

1.d4 Nf6 2.c4 e6 3.Nc3 Bb4 4.Nf3 c5 5.g3 O-O 6.Bg2 cxd4 7.Nxd4 d5 8.Qb3 Bxc3+
9.bxc3 Nc6 10.cxd5 Na5 11.Qc2 Nxd5 12.Qd3 Nb6 13.f4 Nac4 14.g4 e5 15.fxe5 Qh4+
16.Qg3 Qxg3+ 17.hxg3 Nxe5 18.g5  1/2-1/2

[Event "AUT-chT9697"]
[Site "Vorarlberg"]
[Date "1996.??.??"]
[Round "?"]
[White "Brunner, Felix"]
[Black "Hagen, Kurt"]
[Result "0-1"]
[WhiteElo "1860"]
[BlackElo "2095"]

1.Nf3 Nf6 2.d4 e6 3.c4 Bb4+ 4.Nc3 b6 5.Bg5 h6 6.Bh4 Ba6 7.Nd2 Bb7 8.f3 Nc6
9.a3 Be7 10.Bf2 a6 11.e4 d6 12.f4 e5 13.fxe5 dxe5 14.d5 Nb8 15.Nf3 Nbd7 16.Bd3 Nh5
17.g3 Nhf6 18.b4 a5 19.Rb1 axb4 20.axb4 Bc8 21.c5 bxc5 22.bxc5 Ng4 23.Na4 Nxf2
24.Kxf2 Nxc5 25.Nxe5 Nxd3+ 26.Qxd3 O-O 27.Nc6 Qe8 28.Nxe7+ Qxe7 29.Qd4 f5
30.e5 f4 31.Kg2 Qd7 32.Nc5 Qh3+ 33.Kg1 Ra2  0-1

[Event "JUG-chT"]
[Site "Vrnjacka Banja"]
[Date "1996.??.??"]
[Round "?"]
[White "Bulajic, Ratko"]
[Black "Aleksic, Nenad"]
[Result "1/2-1/2"]
[WhiteElo "2270"]
[BlackElo "2420"]

1.d4 Nf6 2.c4 e6 3.Nc3 Bb4 4.Nf3 O-O 5.g3 d5 6.Bg2 Nbd7 7.Qb3 c5 8.O-O dxc4
9.Qxc4 Qe7 10.Rd1 Nb6 11.Qb3 cxd4 12.Nxd4 e5 13.Nc2 Bc5 14.Be3 Be6 15.Bxc5 Qxc5
16.Qb4 Qc7 17.Ne3 Rad8 18.a4 Rxd1+ 19.Rxd1 a6 20.a5 Nbd7 21.Ncd5 Nxd5 22.Nxd5 Bxd5
23.Bxd5 b5 24.Qe7 Qc2 25.Bb3 Qxb3 26.Rxd7 h6 27.Qxe5 Qa4 28.Qc3  1/2-1/2

[Event "Yerevan ol (Men)"]
[Site "Yerevan"]
[Date "1996.??.??"]
[Round "5"]
[White "Hillarp Persson, Tiger"]
[Black "San Segundo, Pablo"]
[Result "1/2-1/2"]
[WhiteElo "2400"]
[BlackElo "2505"]

1.d4 Nf6 2.c4 e6 3.Nf3 Bb4+ 4.Nc3 d6 5.Bg5 Nbd7 6.Qb3 Bxc3+ 7.Qxc3 h6 8.Bh4 g5
9.Bg3 Ne4 10.Qc2 f5 11.e3 b6 12.O-O-O Bb7 13.Bd3 Qe7 14.d5 Ndc5 15.Nd4 O-O-O
16.dxe6 Nxd3+ 17.Qxd3 Rhf8 18.f3 Nc5 19.Qc2 g4 20.Rhe1 gxf3 21.gxf3 Nxe6
22.Nxf5 Qg5 23.Nd4 Nxd4 24.Rxd4 Rxf3 25.Qd2 Re8 26.Bf4 Qg6 27.Rd1 Rh3 28.Qc3 Rh5
29.b3 Rf5 30.Kb2 Rf6 31.a4 a5 32.c5 bxc5 33.R4d2 Qg7 34.Ka3 Rg6 35.Qxa5 Rg2
36.Rxg2 Qxg2 37.Qd2 Qxd2 38.Rxd2 h5 39.Rf2 Kd7 40.Bg5 Bd5 41.Rb2 Rf8  1/2-1/2

[Event "Yerevan"]
[Site "Yerevan"]
[Date "1996.??.??"]
[Round "10"]
[White "Khalifman, Alexander"]
[Black "Epishin, Vladimir"]
[Result "1-0"]
[WhiteElo "2650"]
[BlackElo "2645"]

1.d4 Nf6 2.c4 e6 3.Nc3 Bb4 4.Nf3 c5 5.g3 O-O 6.Bg2 cxd4 7.Nxd4 d5 8.cxd5 Nxd5
9.Qb3 Nc6 10.Nxc6 bxc6 11.O-O Be7 12.Rd1 Ba6 13.e4 Rb8 14.exd5 Rxb3 15.axb3 cxd5
16.Rxa6 Qb8 17.Be3 Qxb3 18.Rxa7 Bf6 19.Rd2 Qc4 20.Bf1 Qb4 21.Ra4 Qb3 22.Ra3 Qb4
23.Ra4 Qb3 24.Ra5 Rb8 25.Bf4 Bxc3 26.bxc3 Qxc3 27.Rda2 Rc8 28.Ra8 f6 29.Bd2 Qc6
30.R8a6 Qe8 31.Bh3 Rc6 32.Ra8 Rc8 33.R8a6 Rc6 34.Ra8 Rc8 35.R8a7 h6 36.Ra1 Kh8
37.Bb4 Rc4 38.Be7 Rc6 39.Bf1 Rc8 40.Bd3  1-0

[Event "Yerevan ol (Men)"]
[Site "Yerevan"]
[Date "1996.??.??"]
[Round "14"]
[White "Rogers, Ian"]
[Black "Gluckman, David"]
[Result "1/2-1/2"]
[WhiteElo "2575"]
[BlackElo "2370"]

1.d4 Nf6 2.c4 e6 3.Nf3 Bb4+ 4.Nc3 b6 5.Bg5 Bb7 6.e3 h6 7.Bh4 O-O 8.Bd3 c5
9.O-O cxd4 10.exd4 Be7 11.Re1 d5 12.Bxf6 Bxf6 13.cxd5 exd5 14.Rc1 Nc6 15.Bb1 g6
16.a3 Qd6 17.Ba2 Na5 18.Ne5 Nc4 19.Nb5 Qd8 20.Qg4 a6 21.Nxg6 fxg6 22.Qxg6+ Bg7
23.Bb1 Rf6 24.Qh7+ Kf8 25.Nc3 Qd7 26.Ne2 Nd2 27.Ng3 Nxb1 28.Nh5 Rf7 29.Nxg7 Rxg7
30.Qxh6 Rc8 31.Qh8+ Kf7 32.Qh5+ Kf8 33.Qh8+ Kf7 34.Qh5+ Kf8 35.Rxc8+ Bxc8
36.Rxb1 Qg4 37.Qh8+ Kf7 38.g3 Qh3 39.Qd8 Rh7 40.Qxd5+ Be6 41.Qg2 Qf5 42.Re1 Bd5
43.f3 Rh6 44.Qd2  1/2-1/2

[Event "St Petersburg-ch"]
[Site "St Petersburg"]
[Date "1997.03.05"]
[Round "2"]
[White "Andreev, Konstantin"]
[Black "Ionov, Sergey"]
[Result "0-1"]
[WhiteElo "2290"]
[BlackElo "2530"]

1.d4 Nf6 2.c4 e6 3.Nc3 Bb4 4.Nf3 b6 5.Bg5 Bb7 6.e3 h6 7.Bh4 Bxc3+ 8.bxc3 Qe7
9.Be2 d6 10.Nd2 g5 11.Bf3 Nc6 12.Qa4 Qd7 13.Bg3 O-O-O 14.c5 dxc5 15.Bxc6 Bxc6
16.Qxa7 Nh5 17.O-O Nxg3 18.fxg3 e5 19.Nf3 exd4 20.cxd4 Qe6 21.Ne5 Bb7 22.Rac1 Rd5
23.Qa4 Kb8 24.Rc3 f6 25.Nf3 g4 26.Nh4 cxd4 27.exd4 Ra5 28.Qb3 Bd5 29.Qd1 Rxa2
30.Re1 Qd7 31.Rce3 Rd8 32.Re7 Qc6 33.Qxg4 Bxg2 34.Qf4 Bd5 35.Rc1 Rc2 36.Rxc2 Qxc2
37.Qxf6 Qd1+ 38.Kf2 Qd2+ 39.Re2 Qg5 40.Qxg5 hxg5 41.Ng6 Rd6 42.Ne7 Bb7 43.g4 Rxd4
44.h3 Rf4+ 45.Kg1 Rf3 46.Kh2 c5 47.Nf5 Rf4 48.Nd6 Bc6 49.Re5 Rf2+ 50.Kg1 Rc2
51.Rxg5 b5 52.Nxb5 Bxb5 53.h4 Bd3 54.h5 c4 55.Rb5+ Kc7 56.g5 Kc6 57.Rb8 Re2
58.g6 Re7 59.Kf2 Kc5 60.Rc8+ Kd4 61.Kg3 c3 62.Kf4 c2 63.Rxc2 Bxc2 64.Kg5 Ke5
65.Kh6 Kf6 66.g7 Kf7  0-1

[Event "St Petersburg-ch"]
[Site "St Petersburg"]
[Date "1997.03.09"]
[Round "5"]
[White "Andreev, Konstantin"]
[Black "Chepukaitis, Genrikh"]
[Result "1-0"]
[WhiteElo "2290"]
[BlackElo "2320"]

1.d4 Nf6 2.c4 e6 3.Nc3 Bb4 4.Nf3 c5 5.g3 Qa5 6.Bd2 cxd4 7.Nxd4 Nc6 8.Nc2 Be7
9.Nd5 Qd8 10.Nxe7 Qxe7 11.Bg2 O-O 12.O-O Rd8 13.e4 b6 14.e5 Ne8 15.Bb4 Nxb4
16.Bxa8 Ba6 17.Nxb4 Bxc4 18.Re1 Rxa8 19.Qd4 Qxb4 20.b3 Qb5 21.Qxc4 Qxc4 22.bxc4 Kf8
23.a4 Rc8 24.Re4 Rc5 25.Rd1 Ke7 26.Red4 Rc7 27.f4 h5 28.h3 f6 29.Kf2 fxe5
30.fxe5 g5 31.Ke3 Ng7 32.g4 h4 33.Kd3 Ne8 34.Kc3 Kd8 35.Rf1 Ke7 36.Rfd1 Rb7
37.R4d3 Rc7 38.Kb4 Rb7 39.Rf1 Rc7 40.Rdf3 Rc5 41.Rf7+ Kd8 42.Rh7 a5+ 43.Kc3 Rxe5
44.Rff7 Kc7 45.Rxd7+ Kc6 46.Rde7 Nf6 47.Rhf7 Kd6 48.Rb7 Kc6 49.Rb8 Re3+ 50.Kd2 Rf3
51.Ke2 Rf4 52.Rbf8 Ne4 53.Rxf4 gxf4 54.Rxf4 Ng5 55.Rf6 Kc5 56.Rh6 Nxh3 57.Rxh4 Nf4+
58.Kd2 Ng6 59.Rh6 Nf4 60.g5 Kd6 61.g6 Ke7 62.g7  1-0

[Event "RUS-Cup9"]
[Site "Novgorod"]
[Date "1997.06.15"]
[Round "4"]
[White "Galliamova, Alisa"]
[Black "Lopushnoy, Denis"]
[Result "1-0"]
[WhiteElo "2440"]
[BlackElo "2290"]

1.d4 Nf6 2.c4 e6 3.Nf3 Bb4+ 4.Nc3 c5 5.e3 Nc6 6.Bd3 Bxc3+ 7.bxc3 d6 8.O-O e5
9.Qc2 h6 10.Rb1 O-O 11.d5 Ne7 12.Nd2 Nd7 13.e4 Ng6 14.g3 Nf6 15.f4 exf4 16.gxf4 Ng4
17.Nf3 f5 18.h3 Nf6 19.e5 Nh5 20.e6 Ngxf4 21.Bxf5 Qf6 22.Bg4 Ng3 23.Be3 h5
24.Nh2 Nxf1 25.Rxf1 Qg5 26.Rxf4 Rxf4 27.Bxf4 Qxf4 28.Bxh5 Bxe6 29.dxe6 Qe3+
30.Kg2 Qxe6 31.Qd3 Rf8 32.Bf3 Qf6 33.Nf1 b6 34.Ng3 Qe5 35.Ne4 Rd8 36.h4 Qf4
37.Ng5 Re8 38.Bd5+ Kf8 39.Ne6+ Rxe6 40.Bxe6 Ke7 41.Bh3 Qxh4 42.Qe2+ Kd8 43.Qg4 Qxg4+
44.Bxg4  1-0

[Event "Politiken Cup"]
[Site "Copenhagen"]
[Date "1997.07.12"]
[Round "7"]
[White "Bradbury, Neil H"]
[Black "Eriksson, Anders"]
[Result "1-0"]
[WhiteElo "2335"]
[BlackElo "2300"]

1.d4 Nf6 2.c4 e6 3.Nf3 Bb4+ 4.Nc3 c5 5.Qb3 Ne4 6.Nd2 Bxc3 7.bxc3 Nxd2 8.Bxd2 d6
9.Qb5+ Nd7 10.g3 a6 11.Qb3 O-O 12.Bg2 b6 13.Bxa8  1-0

[Event "Bad Homburg"]
[Site "Bad Homburg"]
[Date "1997.07.31"]
[Round "6"]
[White "Alterman, Boris"]
[Black "Hracek, Zbynek"]
[Result "1/2-1/2"]
[WhiteElo "2615"]
[BlackElo "2605"]

1.d4 Nf6 2.c4 e6 3.Nc3 Bb4 4.Nf3 b6 5.Qb3 Qe7 6.Bf4 d5 7.e3 O-O 8.a3 Bxc3+
9.Qxc3 Ba6 10.Bg5 Rc8 11.cxd5 Bxf1 12.Rxf1 exd5 13.Rc1 Qe6 14.Bxf6 Qxf6 15.Ke2 c6
16.b4 Qd6 17.Rfd1 Nd7 18.Kf1 g6 19.h3 a5 20.Kg1 axb4 21.axb4 b5 22.Ne5 Ra6  1/2-1/2

[Event "Budapest FS08 GM"]
[Site "Budapest"]
[Date "1997.08.03"]
[Round "2"]
[White "Lukacs, Peter"]
[Black "Acs, Peter"]
[Result "1-0"]
[WhiteElo "2520"]
[BlackElo "2460"]

1.d4 Nf6 2.c4 e6 3.Nc3 Bb4 4.Nf3 b6 5.Bg5 Bb7 6.e3 h6 7.Bh4 O-O 8.Bd3 Be7
9.O-O c5 10.Re1 d5 11.Bxf6 Bxf6 12.cxd5 exd5 13.Rc1 Nd7 14.Bb5 Qe7 15.Bxd7 cxd4
16.exd4 Qxd7 17.Ne5 Bxe5 18.Rxe5 Rfe8 19.Qe2 Rxe5 20.Qxe5 Re8 21.Qf4 Ba6
22.h3 Bd3 23.f3 b5 24.Qd2 Bf5 25.Ne2 Qd6 26.b4 Qe7 27.Ng3 Bg6 28.Nf1 Qe2
29.Rc8 Qe6 30.Rxe8+ Qxe8 31.Ne3 Qc6 32.Kf2 Kf8 33.a3 f6 34.Qb2 Bd3 35.Qd2 Bc4
36.Nf5 Qe6 37.Qf4 Bd3 38.Qb8+ Kf7 39.Qc7+ Kg6 40.Qxg7+  1-0

[Event "Montecatini Terme op"]
[Site "Montecatini Terme"]
[Date "1997.08.03"]
[Round "3"]
[White "Piva, Giorgio"]
[Black "Mariotti, Sergio"]
[Result "0-1"]
[WhiteElo "2170"]
[BlackElo "2395"]

1.d4 Nf6 2.c4 e6 3.Nc3 Bb4 4.Nf3 c5 5.e3 O-O 6.a3 Bxc3+ 7.bxc3 d6 8.Bd3 Nc6
9.O-O e5 10.d5 Ne7 11.Nd2 Ne8 12.f4 f5 13.fxe5 dxe5 14.e4 f4 15.Be2 g5 16.Bg4 Nf6
17.Bxc8 Nxc8 18.a4 Nd6 19.Re1 Qe8 20.Qe2 Qg6 21.Kh1 g4 22.Ba3 Rac8 23.Qd3 Rf7
24.Re2 Nh5 25.Ree1 Qh6 26.Nf1 g3 27.h3 f3 28.Ra2 f2 29.Re3 Rg7 30.Rf3 Nf4
31.Bc1 Qxh3+ 32.gxh3 g2+  0-1

[Event "TCN Cup 3rd "]
[Site "Beijing"]
[Date "1997.08.19"]
[Round "1"]
[White "Lin Weiguo"]
[Black "Alterman, Boris"]
[Result "1/2-1/2"]
[WhiteElo "2470"]
[BlackElo "2615"]

1.d4 Nf6 2.c4 e6 3.Nc3 Bb4 4.Nf3 c5 5.e3 O-O 6.Bd3 d5 7.O-O cxd4 8.exd4 dxc4
9.Bxc4 b6 10.Bg5 Bb7 11.Ne5 Bxc3 12.bxc3 Nbd7 13.Nxd7 Qxd7 14.Bxf6 gxf6 15.Re1 Kh8
16.Bf1 Rg8 17.Re3 Rad8 18.Qe2 Qc6 19.f3 Qc7 20.Qf2 Qf4 21.Rb1 Rd5 22.g3 Ra5
23.Rb2 Ra3 24.Rd2 Bd5 25.Rc2 a6 26.Bg2 Qf5 27.Bf1 b5 28.Bd3 Qf4 29.Kg2 Qg5
30.Be4 Rd8 31.Bxd5 Rxd5 32.Re4 Ra4 33.Qe2 f5 34.Rh4 Rc4 35.a3 a5 36.Kh3 Qg6
37.a4 Rxa4 38.Rb2 Rc4 39.Rxb5 Rxb5 40.Qxc4 Rb2 41.Qc5 h6 42.Qxa5 Kh7 43.Qc7 Rc2
44.c4 Rc3 45.Kg2 Rc2+ 46.Kh3 Rc3 47.Kg2 Rc2+ 48.Kh3  1/2-1/2

[Event "TCN Cup 3rd "]
[Site "Beijing"]
[Date "1997.08.19"]
[Round "10"]
[White "Lin Weiguo"]
[Black "Oll, Lembit"]
[Result "0-1"]
[WhiteElo "2470"]
[BlackElo "2645"]

1.d4 Nf6 2.c4 e6 3.Nc3 Bb4 4.Nf3 c5 5.e3 O-O 6.Bd3 d5 7.O-O cxd4 8.exd4 dxc4
9.Bxc4 Nbd7 10.Bg5 h6 11.Bh4 Qa5 12.Rc1 Bxc3 13.bxc3 b5 14.Bb3 Bb7 15.Ne5 Rac8
16.Nxd7 Nxd7 17.f4 Rxc3 18.f5 Rxc1 19.Qxc1 Qb6 20.fxe6 fxe6 21.Rxf8+ Nxf8
22.Qc5 Qc6 23.Qxc6 Bxc6 24.a3 Kf7 25.Be1 Ng6 26.g3 Ne7 27.Kf2 Bd5 28.Bd1 Nc6
29.Ke3 a5 30.Bc2 Kf6 31.Bd1 b4 32.axb4 axb4 33.Be2 b3 34.Bc3 Ne7 35.h4 Nf5+
36.Kf2 Nd6 37.Bd3 Be4 38.Be2 Bd5 39.Bd3 Be4 40.Be2 Bc2 41.Bb2 h5 42.Kf3 Kf5
43.Bf1 Be4+ 44.Ke3 Kg4 45.Kf2 Bd5 46.Be2+ Kh3 47.Bf1+ Kh2 48.Bd3 Ne8 49.Bc1 Nf6  0-1

[Event "ISL-ch"]
[Site "Akureyri"]
[Date "1997.09.20"]
[Round "11"]
[White "Karason, Askell O"]
[Black "Bjarnason, Saevar"]
[Result "0-1"]
[WhiteElo "2305"]
[BlackElo "2265"]

1.d4 Nf6 2.c4 e6 3.Nc3 Bb4 4.Nf3 d5 5.Bg5 h6 6.Bxf6 Qxf6 7.cxd5 exd5 8.Qb3 Qd6
9.g3 O-O 10.Bg2 Nd7 11.O-O c6 12.a3 Ba5 13.Qc2 Nf6 14.b4 Bc7 15.Rfc1 Qe7
16.b5 Bd6 17.Qa2 Bf5 18.bxc6 bxc6 19.Na4 Rab8 20.Rc3 Rfc8 21.Rac1 Ne4 22.Re3 Qb7
23.Nh4 Be6 24.f3 Nf6 25.Qc2 Qd7 26.Bf1 Rc7 27.Rc3 g5 28.Ng2 Bf5 29.Qd2 Qe7
30.Nc5 Rb6 31.Ne3 Bg6 32.Bh3 Bxc5 33.Rxc5 Rb3 34.R1c3 Rb6 35.Kf2 Rb5 36.Rxc6 Rxc6
37.Rxc6 Rb3 38.a4 Kg7 39.Rc5 Qb7 40.Bf5 Rxe3 41.Bxg6 Ra3 42.Qc2 Ne8 43.Bd3 Qb4
44.Rxd5 Ra1 45.Kg2 Qe1 46.e4 Rd1 47.Kh3 Rd2 48.Qc5 g4+ 49.Kxg4 Rxd3 50.Rf5 Nf6+
51.Kh4 Qc3 52.Qxc3 Rxc3 53.Ra5 Rxf3 54.e5 Nh7 55.Rxa7 Re3 56.Kg4 Nf8 57.Rb7 Ne6
58.d5 Nc5 59.Rc7 Kf8 60.d6 Nxa4 61.Ra7 Nc5 62.Ra8+ Kg7 63.Kf4 Re2 64.Ra7 Nd3+
65.Kf3 Rxe5 66.d7 Rd5 67.Ke4 Rxd7 68.Ra8 Nc5+ 69.Kf5 Rd5+ 70.Kf4 Ne6+ 71.Ke4 Rb5
72.g4 Rb4+ 73.Kf3 Ng5+ 74.Kg3 Rb3+ 75.Kg2 Ne6 76.Ra4 Kg6 77.h4 Rd3 78.Ra6 Kf6
79.Rb6 Ke5 80.Rb5+ Kf4 81.Rh5 Kxg4 82.Rxh6 Nf4+ 83.Kf2 f5 84.Rh8 Nh5 85.Ke2 Ra3  0-1

[Event "Budapest FS10 IM-A"]
[Site "Budapest"]
[Date "1997.10.05"]
[Round "1"]
[White "Stocek, Jiri"]
[Black "Vadasz, Laszlo"]
[Result "1-0"]
[WhiteElo "2470"]
[BlackElo "2320"]

1.d4 Nf6 2.c4 e6 3.Nc3 Bb4 4.Nf3 c5 5.g3 O-O 6.Bg2 cxd4 7.Nxd4 d5 8.cxd5 Nxd5
9.Bd2 Nxc3 10.bxc3 Be7 11.Rb1 e5 12.Rxb7 exd4 13.Rb3 Be6 14.Bxa8 Na6 15.Bf3 Bxb3
16.Qxb3 d3 17.Qd1 Nc5 18.O-O dxe2 19.Qxe2 Bf6 20.Rd1 Qc8 21.Qc4 h6 22.Qb4 Qc7
23.Bf4 Be5 24.Rd5  1-0

[Event "Budapest FS10 IM-A"]
[Site "Budapest"]
[Date "1997.10.14"]
[Round "10"]
[White "Stocek, Jiri"]
[Black "Held, Markus"]
[Result "1-0"]
[WhiteElo "2470"]
[BlackElo "2315"]

1.d4 Nf6 2.c4 e6 3.Nc3 Bb4 4.Nf3 c5 5.g3 b6 6.Bg2 Bb7 7.O-O Bxc3 8.bxc3 d6
9.Bf4 O-O 10.a4 Na6 11.a5 Rc8 12.axb6 axb6 13.Qb3 d5 14.Rfb1 Nd7 15.cxd5 Bxd5
16.c4 Bb7 17.Qd3 Nf6 18.dxc5 Qxd3 19.exd3 Nxc5 20.Rxb6 Bxf3 21.Bxf3 Nxd3
22.Bd6 Rfd8 23.Rd1 Nd7 24.Rb5 Nxf2 25.Kxf2 Rxc4 26.Be7 Rc2+ 27.Be2  1-0